00519nam a2200145Ia 4500008004100000020002100041100001800062245008300080260003800163300004000201500004700241650005000288650001600338999001900354190920s9999 xx 000 0 und d a978-1-908993-7-5 aMurphy, James cMurphy, James.--aThe principles and practice of bar and beverage management / aUK :bGoodfellow Publishersc2013 a242 pages :bblack & white pictures aIncludes appendix, bibliography and index. aBars (Drinking establishments) -- Management. aBartending. c362153d362153